Использование централизованных комплексов релейной защиты и автоматики при реконструкции понизительных двухтрансформаторных подстанций; Современные техника и технологии; Т. 1

গ্রন্থ-পঞ্জীর বিবরন
Parent link:Современные техника и технологии: сборник трудов XV Международной научно-практической конференции студентов, аспирантов и молодых ученых, Томск, 4-8 мая 2009 г/ Национальный исследовательский Томский политехнический университет (ТПУ).— , 2009
Т. 1.— 2009.— [С. 92-94]
প্রধান লেখক: Садовников А. Н.
সংক্ষিপ্ত:Заглавие с титульного листа
Электронная версия печатной публикации
ভাষা:রুশ
প্রকাশিত: 2009
বিষয়গুলি:
অনলাইন ব্যবহার করুন:http://www.lib.tpu.ru/fulltext/c/2009/C01/V1/045.pdf
বিন্যাস: MixedMaterials বৈদ্যুতিক গ্রন্থের অধ্যায়
KOHA link:https://koha.lib.tpu.ru/cgi-bin/koha/opac-detail.pl?biblionumber=240858

MARC

LEADER 00000naa2a2200000 4500
001 240858
005 20251209140716.0
035 |a (RuTPU)RU\TPU\book\262118 
035 |a RU\TPU\book\262114 
090 |a 240858 
100 |a 20130626d2009 k y0rusy50 ca 
101 0 |a rus 
102 |a RU 
135 |a drnn ---uucaa 
181 0 |a i  
182 0 |a b 
200 1 |a Использование централизованных комплексов релейной защиты и автоматики при реконструкции понизительных двухтрансформаторных подстанций  |f А. Н. Садовников 
203 |a Текст  |c электронный 
215 |a 1 файл (349 Кб) 
300 |a Заглавие с титульного листа 
300 |a Электронная версия печатной публикации 
337 |a Adobe Reader 
461 0 |0 (RuTPU)RU\TPU\book\261117  |t Современные техника и технологии  |o сборник трудов XV Международной научно-практической конференции студентов, аспирантов и молодых ученых, Томск, 4-8 мая 2009 г  |o в 3 т.  |f Национальный исследовательский Томский политехнический университет (ТПУ)  |d 2009 
463 0 |0 (RuTPU)RU\TPU\book\261157  |t Т. 1  |v [С. 92-94]  |d 2009 
610 1 |a электронный ресурс 
610 1 |a релейная защита 
610 1 |a централизованные комплексы 
610 1 |a автоматика 
610 1 |a понизительные подстанции 
610 1 |a двухтрансформаторные подстанции 
610 1 |a реконструкция 
700 1 |a Садовников  |b А. Н. 
801 1 |a RU  |b 63413507  |c 20130617 
801 2 |a RU  |b 63413507  |c 20131024  |g RCR 
856 4 |u http://www.lib.tpu.ru/fulltext/c/2009/C01/V1/045.pdf 
942 |c CF